[Event "Titled Tuesday intern op 02nd Apr Early"]
[Site "Chess.com INT"]
[Date "2024.04.02"]
[Round "11"]
[White "Ezat, Mohamed Mahmoud"]
[Black "Yagupov, Igor"]
[Result "1-0"]
[WhiteElo "2349"]
[BlackElo "2275"]
[PlyCount "43"]
[EventDate "2024.04.02"]
[EventType "swiss (blitz)"]
[EventRounds "11"]
[EventCountry "USA"]
[SourceTitle "CB15_2024"]
[SourceDate "2024.04.10"]
[SourceVersion "1"]
[SourceVersionDate "2024.04.10"]
[SourceQuality "1"]

1. d4 d5 2. c4 c6 3. Nc3 Nf6 4. cxd5 cxd5 5. Bf4 Nc6 6. e3 Bf5 7. Qb3 Na5 8. Qa4+ Bd7 9. Qc2 e6 10. Bd3 Rc8 11. Nf3 Bb4 12. 0-0 Nh5 13. Be5 f6 14. Bg3 f5 15. Be5 0-0 16. Rac1 Nf6 17. Qe2 Bxc3 18. bxc3 Ne4 19. h3 Nxc3 20. Qb2 Ne4 21. Qb4 Rc2 22. Rxc2 1-0

[Event "Titled Tuesday intern op 02nd Apr Late"]
[Site "Chess.com INT"]
[Date "2024.04.02"]
[Round "2"]
[White "Rees, Ioan"]
[Black "Yagupov, Igor"]
[Result "0-1"]
[WhiteElo "2277"]
[BlackElo "2275"]
[PlyCount "46"]
[EventDate "2024.04.02"]
[EventType "swiss (blitz)"]
[EventRounds "11"]
[EventCountry "USA"]
[SourceTitle "CB15_2024"]
[SourceDate "2024.04.10"]
[SourceVersion "1"]
[SourceVersionDate "2024.04.10"]
[SourceQuality "1"]

1. e4 c5 2. c3 Nf6 3. e5 Nd5 4. Nf3 Nc6 5. Bc4 e6 6. d4 cxd4 7. 0-0 d6 8. cxd4 Be7 9. Qe2 0-0 10. Rd1 Na5 11. Bxd5 exd5 12. Nc3 Be6 13. Bf4 a6 14. h3 Rc8 15. Rac1 Re8 16. Nh2 Nc6 17. exd6 Bxd6 18. Bxd6 Qxd6 19. Qd2 Ne7 20. Ng4 Bxg4 21. hxg4 Ng6 22. Qg5 Nf4 23. g3 Nh3+ 0-1

[Event "Titled Tuesday intern op 12th Mar Late"]
[Site "Chess.com INT"]
[Date "2024.03.12"]
[Round "1"]
[White "Carrasco Miranda, Andres"]
[Black "Yagupov, Igor"]
[Result "1/2-1/2"]
[WhiteElo "2247"]
[BlackElo "2290"]
[PlyCount "81"]
[EventDate "2024.03.12"]
[EventType "swiss (blitz)"]
[EventRounds "11"]
[EventCountry "USA"]
[SourceTitle "CB12_2024"]
[SourceDate "2023.10.01"]
[SourceVersion "1"]
[SourceVersionDate "2023.10.01"]
[SourceQuality "1"]

1. c4 c6 2. Nf3 d5 3. d4 Nf6 4. Qb3 dxc4 5. Qxc4 Bf5 6. Nc3 e6 7. g3 Be7 8. Bg2 Nbd7 9. 0-0 0-0 10. Qb3 Qb6 11. e3 Bd3 12. Re1 Qxb3 13. axb3 Ne4 14. Nxe4 Bxe4 15. Ne5 Bxg2 16. Nxd7 Rfd8 17. Kxg2 Rxd7 18. Bd2 c5 19. Bc3 a6 20. Kf3 Rc8 21. Ke4 f5+ 22. Kf3 Kf7 23. dxc5 Bxc5 24. Red1 Rcd8 25. Rxd7+ Rxd7 26. Rc1 Bd6 27. h3 e5 28. e4 g6 29. g4 Ke6 30. Rd1 Rf7 31. exf5+ gxf5 32. Kg2 e4 33. gxf5+ Rxf5 34. Re1 Rg5+ 35. Kf1 Kf5 36. Rd1 Rg6 37. Rd5+ Ke6 38. Rd4 Kf5 39. Rd5+ Ke6 40. Rd4 Kf5 41. Rd5+ 1/2-1/2

[Event "Titled Tuesday intern op 12th Mar Late"]
[Site "Chess.com INT"]
[Date "2024.03.12"]
[Round "11"]
[White "Rees, Ioan"]
[Black "Yagupov, Igor"]
[Result "1-0"]
[WhiteElo "2272"]
[BlackElo "2290"]
[PlyCount "67"]
[EventDate "2024.03.12"]
[EventType "swiss (blitz)"]
[EventRounds "11"]
[EventCountry "USA"]
[SourceTitle "CB12_2024"]
[SourceDate "2023.10.01"]
[SourceVersion "1"]
[SourceVersionDate "2023.10.01"]
[SourceQuality "1"]

1. c4 e6 2. Nc3 d5 3. d4 c6 4. cxd5 exd5 5. Nf3 Bf5 6. Bf4 Bd6 7. Bxd6 Qxd6 8. Qb3 b5 9. e3 a5 10. Be2 a4 11. Qd1 Nd7 12. Rc1 Ne7 13. 0-0 0-0 14. h3 h6 15. Bd3 Bxd3 16. Qxd3 f5 17. Ne2 Ng6 18. g3 Qe6 19. Nf4 Nxf4 20. gxf4 Ra6 21. Kh2 Qe4 22. Ne1 Qe6 23. Rg1 Nf6 24. Nf3 Ne4 25. Rg2 Rf6 26. Ne5 Qe8 27. f3 Nd6 28. Rcg1 Ra7 29. Qc3 Nc4 30. b3 axb3 31. axb3 Nxe5 32. fxe5 Re6 33. Qc5 Kh7 34. Qxa7 1-0

[Event "Titled Tuesday intern op 12th Mar Late"]
[Site "Chess.com INT"]
[Date "2024.03.12"]
[Round "10"]
[White "Yagupov, Igor"]
[Black "Jackson, Edward"]
[Result "1-0"]
[WhiteElo "2290"]
[BlackElo "2156"]
[PlyCount "95"]
[EventDate "2024.03.12"]
[EventType "swiss (blitz)"]
[EventRounds "11"]
[EventCountry "USA"]
[SourceTitle "CB12_2024"]
[SourceDate "2023.10.01"]
[SourceVersion "1"]
[SourceVersionDate "2023.10.01"]
[SourceQuality "1"]

1. Nf3 Nf6 2. c4 e6 3. Nc3 d5 4. d4 Be7 5. Bf4 0-0 6. e3 c5 7. dxc5 Bxc5 8. cxd5 Nxd5 9. Nxd5 exd5 10. a3 Nc6 11. Bd3 Bg4 12. Bxh7+ Kxh7 13. Qc2+ g6 14. Ng5+ Kg8 15. Qxc5 d4 16. h3 dxe3 17. Bxe3 Bf5 18. Rd1 Qf6 19. Qc3 Qxc3+ 20. bxc3 Rac8 21. 0-0 Na5 22. Bxa7 Rxc3 23. Bd4 Rc2 24. g4 Bc8 25. Ne4 Nc6 26. Nf6+ Kg7 27. Ba1 Kh6 28. Rfe1 Be6 29. h4 g5 30. Kg2 Rd8 31. Rxd8 Nxd8 32. Kg3 gxh4+ 33. Kxh4 Rxf2 34. Ne4 Rh2+ 35. Kg3 Ra2 36. Kf4 Nc6 37. Bf6 Rxa3 38. Rh1+ Kg6 39. Rh8 Bxg4 40. Rg8+ Kh7 41. Rxg4 Ra1 42. Rg7+ Kh6 43. Rxf7 Rf1+ 44. Ke3 Ne5 45. Bg7+ Kg6 46. Rxf1 Ng4+ 47. Kd4 Kxg7 48. Rg1 1-0

[Event "Moscow Aeroflot op-A"]
[Site "Moscow"]
[Date "2024.03.07"]
[Round "9"]
[White "Yagupov, Igor"]
[Black "Kamalidenova, Meruert"]
[Result "1-0"]
[WhiteElo "2290"]
[BlackElo "2380"]
[PlyCount "95"]
[EventDate "2024.03.03"]
[EventType "swiss"]
[EventRounds "9"]
[EventCountry "RUS"]
[SourceTitle "CB11_2024"]
[SourceDate "2024.03.13"]
[SourceVersion "1"]
[SourceVersionDate "2024.03.13"]
[SourceQuality "1"]

1. e4 c5 2. Nf3 d6 3. d4 cxd4 4. Nxd4 Nf6 5. Nc3 a6 6. f3 e5 7. Nb3 Be6 8. Be3 Nbd7 9. Qd2 h5 10. Nd5 Bxd5 11. exd5 g6 12. Be2 Bg7 13. 0-0 b6 14. a4 a5 15. Bb5 0-0 16. Bc6 Rb8 17. h3 Nh7 18. f4 exf4 19. Bxf4 Ne5 20. Nd4 Rc8 21. Rae1 Bf6 22. Qd1 Bg5 23. Bxe5 dxe5 24. Nf3 Qd6 25. Nxe5 Bh4 26. Re2 Bg3 27. Qd4 Rcd8 28. c3 Qc7 29. Re3 Bxe5 30. Qxe5 Rd6 31. Qe7 Qb8 32. b4 axb4 33. cxb4 Rdd8 34. Ref3 f6 35. Qb7 Qe5 36. Qxb6 Rb8 37. Qc5 Ng5 38. Re3 Ne4 39. Qc4 f5 40. d6+ Kh7 41. Bxe4 fxe4 42. Rxf8 Rxf8 43. Qxe4 Qa1+ 44. Re1 Qxa4 45. Qe7+ Kg8 46. d7 Qa7+ 47. Kh1 Qb8 48. Qxf8+ 1-0

[Event "Moscow-ch op Superfinal"]
[Site "Ershovo"]
[Date "2024.02.28"]
[Round "8"]
[White "Yagupov, Igor"]
[Black "Efimov, Leonid"]
[Result "1-0"]
[WhiteElo "2290"]
[BlackElo "2058"]
[PlyCount "79"]
[EventDate "2024.02.23"]
[EventType "swiss"]
[EventRounds "10"]
[EventCountry "RUS"]
[SourceTitle "CB10_2024"]
[SourceDate "2024.03.06"]
[SourceVersion "1"]
[SourceVersionDate "2024.03.06"]
[SourceQuality "1"]

1. d4 d5 2. c4 e6 3. Nf3 Nf6 4. Nc3 c6 5. Bg5 dxc4 6. e4 b5 7. e5 h6 8. Bh4 g5 9. Nxg5 hxg5 10. Bxg5 Nbd7 11. g3 Qb6 12. exf6 Bb7 13. Bg2 0-0-0 14. 0-0 c5 15. d5 b4 16. Na4 Qb5 17. a3 Ne5 18. Qe2 Bd6 19. axb4 cxb4 20. dxe6 Bxg2 21. Kxg2 Qd5+ 22. f3 Qxe6 23. h4 Qd5 24. Qe3 Nc6 25. Qxa7 Nxa7 26. Nb6+ Kb8 27. Nxd5 Bxg3 28. Nxb4 Bxh4 29. Rxa7 Kxa7 30. Nc6+ Kb6 31. Nxd8 Bxg5 32. Nxf7 Rg8 33. Nxg5 Rxg5+ 34. Kh3 Rf5 35. f4 Rxf6 36. f5 Kc5 37. Kg4 Kd6 38. Re1 Rf8 39. Re2 Rg8+ 40. Kh5 1-0

[Event "Titled Tuesday intern op 27th Feb Late"]
[Site "Chess.com INT"]
[Date "2024.02.27"]
[Round "10"]
[White "Rustemov, Alexander"]
[Black "Yagupov, Igor"]
[Result "1/2-1/2"]
[WhiteElo "2525"]
[BlackElo "2290"]
[PlyCount "117"]
[EventDate "2024.02.27"]
[EventType "swiss (blitz)"]
[EventRounds "11"]
[EventCountry "USA"]
[SourceTitle "CB10_2024"]
[SourceDate "2024.03.06"]
[SourceVersion "1"]
[SourceVersionDate "2024.03.06"]
[SourceQuality "1"]

1. d4 d5 2. c4 c6 3. Nc3 Nf6 4. e3 e6 5. Nf3 Nbd7 6. Qc2 Bd6 7. Bd2 0-0 8. 0-0-0 c5 9. Kb1 a6 10. e4 cxd4 11. Nxd4 Be5 12. Bg5 dxe4 13. Nxe4 Qb6 14. Nxf6+ Bxf6 15. Bxf6 Nxf6 16. Be2 Bd7 17. c5 Qc7 18. Bf3 Rfc8 19. Rc1 e5 20. Nf5 Bxf5 21. Qxf5 Re8 22. Rhe1 Rad8 23. g4 Rd4 24. Be4 h6 25. h4 Nxe4 26. Rxe4 Rxe4 27. Qxe4 Rd8 28. c6 bxc6 29. Qxc6 Qxc6 30. Rxc6 Rd2 31. Rxa6 Rxf2 32. Ra8+ Kh7 33. Re8 Rf4 34. Rxe5 Rxg4 35. h5 g5 36. hxg6+ Kxg6 37. Kc2 h5 38. Kc3 h4 39. Re8 Kg7 40. Re1 h3 41. Rh1 Rh4 42. b4 Kf6 43. a4 Ke6 44. a5 Kd5 45. Kb3 h2 46. Ka4 Kc6 47. Rc1+ Kb7 48. Rh1 Ka6 49. Kb3 Kb5 50. Kc3 Rh3+ 51. Kd4 f6 52. Ke4 Kxb4 53. a6 Rh8 54. a7 Ra8 55. Rxh2 Rxa7 56. Kf5 Kc5 57. Kxf6 Ra6+ 58. Ke5 Ra5 59. Rd2 1/2-1/2

[Event "Moscow-ch op Superfinal"]
[Site "Ershovo"]
[Date "2024.02.25"]
[Round "4"]
[White "Yagupov, Igor"]
[Black "Pletnev, Evgeniy"]
[Result "0-1"]
[WhiteElo "2290"]
[BlackElo "2172"]
[PlyCount "62"]
[EventDate "2024.02.23"]
[EventType "swiss"]
[EventRounds "10"]
[EventCountry "RUS"]
[SourceTitle "CB10_2024"]
[SourceDate "2024.03.06"]
[SourceVersion "1"]
[SourceVersionDate "2024.03.06"]
[SourceQuality "1"]

1. d4 Nf6 2. c4 g6 3. Nc3 d5 4. cxd5 Nxd5 5. Bd2 Nb6 6. e3 Nc6 7. h4 e5 8. h5 Bg7 9. dxe5 Nxe5 10. hxg6 hxg6 11. Rxh8+ Bxh8 12. Qc2 Bg4 13. e4 Qe7 14. Be3 c6 15. f3 Be6 16. b3 Qb4 17. Nge2 c5 18. Bd2 Rd8 19. Nd5 Nxd5 20. Bxb4 Nxb4 21. Qb1 Ned3+ 22. Kd2 Bxa1 23. Qxa1 Nf2+ 24. Nd4 Rxd4+ 25. Ke2 Nd1 26. Qc1 c4 27. Qh6 Nc2 28. Qh8+ Ke7 29. Qb8 c3 30. Qxb7+ Kf6 31. e5+ Kg7 0-1

[Event "Titled Tuesday intern op 13th Feb Early"]
[Site "Chess.com INT"]
[Date "2024.02.13"]
[Round "5"]
[White "Rios Escobar, Adan"]
[Black "Yagupov, Igor"]
[Result "1-0"]
[WhiteElo "2234"]
[BlackElo "2290"]
[PlyCount "91"]
[EventDate "2024.02.13"]
[EventType "swiss (blitz)"]
[EventRounds "11"]
[EventCountry "USA"]
[SourceTitle "CB08_2024"]
[SourceDate "2024.02.21"]
[SourceVersion "1"]
[SourceVersionDate "2024.02.21"]
[SourceQuality "1"]

1. d4 d5 2. Nf3 Nf6 3. g3 c6 4. c4 Bg4 5. Ne5 Bf5 6. cxd5 cxd5 7. Nc3 Nc6 8. f3 e6 9. g4 Bg6 10. h4 h5 11. Nxg6 fxg6 12. g5 Nd7 13. Bh3 Kf7 14. a3 Bd6 15. Qd3 Ne7 16. e4 Re8 17. 0-0 Kg8 18. Bxe6+ Kh7 19. exd5 Nf8 20. Bf7 Qd7 21. Bxe8 Qh3 22. Qe2 Rxe8 23. Qg2 Qxh4 24. Ne4 Nf5 25. Bd2 Nxd4 26. Rae1 Bf4 27. Bxf4 Qxf4 28. Nf6+ gxf6 29. Rxe8 fxg5 30. d6 Qxd6 31. Qxg5 Nf5 32. Rfe1 Kg7 33. R1e7+ Nxe7 34. Rxe7+ Kg8 35. Qe5 Qxe5 36. Rxe5 Kf7 37. Rc5 Ne6 38. Ra5 a6 39. Rd5 Ke7 40. Re5 Kd6 41. Re3 b5 42. Kf2 g5 43. Kg3 a5 44. Rd3+ Kc5 45. Rc3+ Kd5 46. Rc8 1-0

[Event "Titled Tuesday intern op 06th Feb Early"]
[Site "Chess.com INT"]
[Date "2024.02.06"]
[Round "10"]
[White "Shvedova, Alexandra"]
[Black "Yagupov, Igor"]
[Result "1-0"]
[WhiteElo "2213"]
[BlackElo "2290"]
[PlyCount "111"]
[EventDate "2024.02.06"]
[EventType "swiss (blitz)"]
[EventRounds "11"]
[EventCountry "USA"]
[SourceTitle "CB07_2024"]
[SourceDate "2024.02.14"]
[SourceVersion "1"]
[SourceVersionDate "2024.02.14"]
[SourceQuality "1"]

1. e4 e5 2. Nf3 Nc6 3. Bc4 Bc5 4. c3 Nf6 5. d4 exd4 6. e5 d5 7. Bb5 Ne4 8. cxd4 Bb6 9. Nc3 0-0 10. Be3 Bg4 11. h3 Bh5 12. Qa4 Nxc3 13. bxc3 Ne7 14. Bd3 f6 15. exf6 Rxf6 16. Ne5 h6 17. Qc2 Qd6 18. 0-0 c5 19. Rae1 Raf8 20. Qa4 c4 21. Bb1 Nf5 22. Nd7 Be8 23. Nxf6+ Qxf6 24. Qc2 Bg6 25. Qc1 Nh4 26. f4 Bxb1 27. Qxb1 Nf5 28. Bf2 Nd6 29. Be3 Ba5 30. Bd2 b5 31. Re5 Ne4 32. Rxe4 dxe4 33. Qxe4 Qd6 34. Qe5 Qd7 35. Re1 Bb6 36. Kh1 b4 37. d5 b3 38. axb3 cxb3 39. c4 Bc5 40. Bc3 Bd6 41. Qd4 Rxf4 42. Qd3 Qc7 43. Re8+ Rf8 44. Rxf8+ Kxf8 45. Qf3+ Kg8 46. Qg4 a5 47. Qe6+ Kf8 48. Qf5+ Ke8 49. Qg6+ Kf8 50. Qh7 Qf7 51. Qd3 Qf4 52. Kg1 Qh2+ 53. Kf2 Qf4+ 54. Ke2 a4 55. g4 a3 56. c5 1-0